000 00752nam a22002537a 4500
001 330
003 FISKH
005 20230323103652.0
008 230323b cb ||||| |||| 00| 0 eng d
020 _a9780439691468
040 _aFISKH
_beng
_cFISKH
_dFISKH
050 _aPZ7.S86
082 _a853.914
100 _aDami, Elisabetta
_d1958-
245 _aGeronimo Stilton : Field trip to Niagra Falls
260 _aNew York :
_bScholastic.
_c2006.
300 _a110 pages.
_c20 cm
490 _aGeronimo Stilton
505 _aK
520 _aGeronimo Stilton recounts his trip to Niagara Falls when he accompanies some young mice there as part of a school field trip.
521 8 _a580
_bLexile
521 8 _aK
_bRaz-Plus
942 _2ddc
_cBK
_n0
999 _c330
_d330